| 000 | 01332nam0a22003011 4500 | ||
|---|---|---|---|
| 001 | rc\4590354 | ||
| 005 | 20260407185736.0 | ||
| 021 |
_aRU _b[60-21560] |
||
| 035 | _a(NLR Aleph) 008661132 | ||
| 090 |
_a9062003 _c9062003 |
||
| 100 | _a20130416d1960 |||y0rusy50 ca | ||
| 101 | 0 | _arus | |
| 102 | _aRU | ||
| 105 | _ay c ||||| | ||
| 200 | 1 |
_aМетодические указания по эпидемиологическому анализу заболеваемости дифтерией _eУтв. Гл. сан.-эпидемиол. упр. М-ва здравоохранения РСФСР 16/XII 1959 г. |
|
| 210 |
_a[Москва _cБ. и. _d1960] |
||
| 215 |
_a20 с. _d20 |
||
| 300 | _aВ конце текста авт. разработки: кандидаты мед. наук Аншелес И.М., Тиханова[!] В.И. | ||
| 300 | _aБез тит. л. и обл. | ||
| 606 |
_aДифтерия _xЭпидемиологический анализ _2psbo |
||
| 702 | 1 |
_aТиханова _bВ.И. _4570 |
|
| 702 | 1 |
_aАншелес _bИ.М. _4570 |
|
| 712 | 0 | 1 |
_aРСФСР _bГлавное санитарно-эпидемиологическое управление _3RU\NLR\AUTH\8810122227 _9742489 |
| 801 | 0 |
_aRU _bNLR _gpsbo |
|
| 801 | 1 |
_aRU _bELAR _2rusmarc |
|
| 852 |
_aNLR _j60-4/3889 |
||
| 942 | _cBOOK | ||
| 980 | _aNB | ||